| 000 | 015370000a22003370004500 | ||
|---|---|---|---|
| 003 | EG-GICUC | ||
| 005 | 20250223031721.0 | ||
| 008 | 070225s2006 ua d f m 000 0 eng d | ||
| 040 |
_aEG-GICUC _beng _cEG-GICUC |
||
| 041 | 0 | _aEng | |
| 049 | _aDeposite | ||
| 097 | _aM.Sc | ||
| 099 | _aCai01.13.05.M.Sc.2006.Ah.D | ||
| 100 | 0 | _aAhmed Mohammed Ali Saleh | |
| 245 | 1 | 0 |
_aDigital image matching using different features for accurate areas calculation / _cAhmed Mohammed Ali Saleh ; Supervised Zeinab Abd El ghany Wishahy , Ashraf Nasr Sayed |
| 246 | 1 | 5 | _aموائمة الصور الرقمية باستخدام المعالم المختلفة لزيادة دقة حساب المساحات |
| 260 |
_aCairo : _bAhmed Mohammed Ali Saleh , _c2006 |
||
| 300 |
_a120P : _bcharts ; _c30cm |
||
| 502 | _aThesis (M.Sc.) - Cairo University - Faculty Of Engineering - Department Of Civil Engineering | ||
| 520 | _aThe errors in area calculation from digital image take place essentially within the boundary pixels at the edges of the shape It is the result of the difference between the pixel fraction , actually covered by the object , and its total area considered in the computer calculations | ||
| 530 | _aIssued also as CD | ||
| 653 | 4 | _aAreas | |
| 653 | 4 | _aMatching | |
| 653 | 4 | _aPixel | |
| 700 | 0 |
_aAshraf Nasr Sayed , _eSupervisor |
|
| 700 | 0 |
_aZeinab Abd El ghany Wishahy , _eSupervisor |
|
| 856 | _uhttp://172.23.153.220/th.pdf | ||
| 905 |
_aMustafa _eRevisor |
||
| 905 |
_aSamia _eCataloger |
||
| 942 |
_2ddc _cTH |
||
| 999 |
_c60822 _d60822 |
||